The human use of the earth / (Record no. 25794)
[ view plain ]
| 000 -LEADER | |
|---|---|
| fixed length control field | 00722cam a22002175a 4500 |
| 001 - CONTROL NUMBER | |
| control field | 4530355 |
| 005 - DATE AND TIME OF LATEST TRANSACTION | |
| control field | 20171225105955.0 |
| 008 - FIXED-LENGTH DATA ELEMENTS--GENERAL INFORMATION | |
| fixed length control field | 720504s1964 ilua frb 001 0 eng d |
| 040 ## - CATALOGING SOURCE | |
| Original cataloging agency | DLC |
| Transcribing agency | DLC |
| Modifying agency | DLC |
| -- | EG-ScBUE |
| Language of cataloging | eng |
| 082 04 - DEWEY DECIMAL CLASSIFICATION NUMBER | |
| Classification number | 301.3 |
| Edition number | 22 |
| Item number | WAG |
| 100 1# - MAIN ENTRY--PERSONAL NAME | |
| Personal name | Wagner, Philip L. |
| Fuller form of name | (Philip Laurence), |
| Dates associated with a name | 1921- |
| 245 14 - TITLE STATEMENT | |
| Title | The human use of the earth / |
| Statement of responsibility, etc | by Philip L Wagner. |
| 260 ## - PUBLICATION, DISTRIBUTION, ETC. (IMPRINT) | |
| Place of publication, distribution, etc | Glencoe : |
| Name of publisher, distributor, etc | Free Press ; |
| Place of publication, distribution, etc | London : |
| Name of publisher, distributor, etc | Collier-Macmillan Limited, |
| Date of publication, distribution, etc | 1964. |
| 300 ## - PHYSICAL DESCRIPTION | |
| Extent | xv, 270 p. : |
| Other physical details | ill. ; |
| Dimensions | 22 cm. |
| 504 ## - BIBLIOGRAPHY, ETC. NOTE | |
| Bibliography, etc | Includes bibliographical references and index. |
| 650 #7 - SUBJECT ADDED ENTRY--TOPICAL TERM | |
| Topical term or geographic name as entry element | Human ecology. |
| Source of heading or term | BUEsh |
| 9 (RLIN) | 24284 |
| 650 #7 - SUBJECT ADDED ENTRY--TOPICAL TERM | |
| Topical term or geographic name as entry element | Human geography. |
| Source of heading or term | BUEsh |
| 9 (RLIN) | 24253 |
| 651 ## - SUBJECT ADDED ENTRY--GEOGRAPHIC NAME | |
| Source of heading or term | BUEsh |
| 653 ## - INDEX TERM--UNCONTROLLED | |
| Resource For college | Generalities |
| Arrived date list | December2017 |
| 942 ## - ADDED ENTRY ELEMENTS (KOHA) | |
| Source of classification or shelving scheme | Dewey Decimal Classification |
| Withdrawn status | Item status | Source of classification or shelving scheme | Damaged status | Not for loan | Home library | Current library | Shelving location | Date acquired | Total Checkouts | Full call number | Barcode | Date last seen | Koha item type |
|---|---|---|---|---|---|---|---|---|---|---|---|---|---|
| Dewey Decimal Classification | Central Library | Central Library | First floor | 25/12/2017 | 301.3 WAG | 000046996 | 15/07/2025 | Book - Borrowing |